| 000 | 00775nac a22002171u 4500 | ||
|---|---|---|---|
| 020 | _a159749061X | ||
| 082 |
_a005.8 _bCRO |
||
| 090 |
_c5188 _d5188 |
||
| 100 | _a Cross, Michael | ||
| 245 |
_aDeveloper's guide to web application security / _cMichael Cross |
||
| 260 |
_aRockland, MA : _bSyngress Publishing,2007 _c2007 |
||
| 300 |
_axxii, 489 p. : _bill. ; _c23 cm. |
||
| 500 | _aIncludes index | ||
| 500 | _adistributer: Al-Ahram | ||
| 511 | _acatalogued by: wessam | ||
| 650 |
_aWebsites _xSecurity measures |
||
| 650 |
_aComputer networks _xSecurity measures |
||
| 650 | _aComputer security | ||
| 942 |
_cBB _k005.8CRO |
||
| 999 |
_c5188 _d5188 |
||